[Event "Wch Seniors 65 31st"]
[Site "Terassini"]
[Date "2023.10.25"]
[Round "1"]
[White "Legky, Nikolay A"]
[Black "Houweling, Bert AF"]
[Result "1-0"]
[WhiteElo "2348"]
[BlackElo "1998"]
[PlyCount "47"]
[EventDate "2023.10.25"]
[EventType "swiss"]
[EventRounds "11"]
[EventCountry "ITA"]
[SourceTitle "Mega2024 Update 01"]
[Source "Chessbase"]
[SourceDate "2023.11.12"]
[SourceVersion "1"]
[SourceVersionDate "2023.11.12"]
[SourceQuality "1"]

1. d4 Nf6 2. Nf3 c5 3. d5 e6 4. Nc3 exd5 5. Nxd5 Nxd5 6. Qxd5 Be7 7. Bf4 d6 8. 0-0-0 Be6 9. Qxb7 Nd7 10. Bxd6 Bxd6 11. Rxd6 0-0 12. e3 Qf6 13. Bb5 Rab8 14. Qxd7 a6 15. Rxa6 Rfd8 16. Qc6 Rdc8 17. Qe4 Rxb5 18. Qe5 Qg6 19. Rd1 Rcb8 20. Ng5 Qh5 21. Rxe6 fxe6 22. Qxe6+ Kh8 23. Nf7+ Kg8 24. Nd6+ 1-0

[Event "Wch Seniors 65 29th"]
[Site "Bucharest"]
[Date "2019.11.22"]
[Round "10"]
[White "Houweling, Bert AF"]
[Black "Koskinen, Veikko"]
[Result "1-0"]
[WhiteElo "2039"]
[BlackElo "1892"]
[PlyCount "55"]
[EventDate "2019.11.12"]
[EventType "swiss"]
[EventRounds "11"]
[EventCountry "ROU"]
[SourceTitle "CBM 193 Extra"]
[Source "ChessBase"]
[SourceDate "2020.01.31"]
[SourceVersion "1"]
[SourceVersionDate "2020.01.31"]
[SourceQuality "1"]

1. e4 c6 2. d4 d5 3. exd5 cxd5 4. Bd3 Nc6 5. c3 Qc7 6. Ne2 Bg4 7. 0-0 e6 8. Na3 a6 9. Qd2 Bxe2 10. Qxe2 Bd6 11. f4 Nge7 12. Nc2 0-0-0 13. Ne3 h5 14. b4 f6 15. b5 axb5 16. Bxb5 e5 17. fxe5 fxe5 18. Bxc6 bxc6 19. Rf7 g6 20. Rb1 Kd7 21. dxe5 Bc5 22. Kh1 Qxe5 23. Qd3 Bd6 24. Nf1 Qe6 25. Qf3 Rb8 26. Ra1 Ke8 27. Rf6 Qe4 28. Qxe4 1-0

[Event "Porto Mannu op"]
[Site "Porto Mannu"]
[Date "2008.05.20"]
[Round "4"]
[White "Zoldan, Matteo"]
[Black "Houweling, Bert AF"]
[Result "1-0"]
[WhiteElo "2208"]
[BlackElo "2032"]
[PlyCount "81"]
[EventDate "2008.05.17"]
[EventType "swiss"]
[EventRounds "9"]
[EventCountry "ITA"]
[SourceTitle "CBM 124 Extra"]
[Source "ChessBase"]
[SourceDate "2008.07.03"]
[SourceVersion "1"]
[SourceVersionDate "2008.07.03"]
[SourceQuality "1"]

1. c4 e5 2. Nc3 Nf6 3. e3 d5 4. cxd5 Nxd5 5. Nf3 Nxc3 6. bxc3 Bd6 7. d4 Nc6 8. Bb5 Bd7 9. e4 0-0 10. 0-0 a6 11. Ba4 Qe8 12. d5 Na5 13. Bxd7 Qxd7 14. Nh4 Nc4 15. Nf5 g6 16. Qg4 Kh8 17. Bh6 Rad8 18. Bxf8 Rxf8 19. Qe2 gxf5 20. Qxc4 fxe4 21. Qxe4 f5 22. Qe2 a5 23. Rab1 b6 24. c4 Qe7 25. Rfe1 e4 26. Rb3 Re8 27. Qh5 f4 28. Rh3 e3 29. fxe3 fxe3 30. Kh1 Rf8 31. Rf3 Rxf3 32. Qxf3 Bc5 33. Qf5 Qh4 34. Qc8+ Kg7 35. Qxc7+ Kg6 36. Qc6+ Kg5 37. Rf1 Qf2 38. Rxf2 exf2 39. h4+ Kf4 40. Qf6+ Ke3 41. g4 1-0

[Event "Calvi Balagne op 01st"]
[Site "Calvi"]
[Date "2004.??.??"]
[Round "5"]
[White "Koziak, Vitali"]
[Black "Houweling, Bert AF"]
[Result "1/2-1/2"]
[WhiteElo "2448"]
[BlackElo "1986"]
[PlyCount "96"]
[EventDate "2004.02.21"]
[EventType "swiss"]
[EventRounds "9"]
[EventCountry "FRA"]
[SourceTitle "CBM 098 Extra"]
[Source "ChessBase"]
[SourceDate "2004.03.10"]
[SourceVersion "2"]
[SourceVersionDate "2004.03.10"]
[SourceQuality "1"]

1. d4 Nf6 2. c4 e6 3. Nf3 c5 4. d5 exd5 5. cxd5 d6 6. Nc3 g6 7. e4 a6 8. e5 dxe5 9. Nxe5 Nbd7 10. Nc4 b5 11. Qe2+ Qe7 12. Nd6+ Kd8 13. Nce4 Nxe4 14. Nxe4 Qe5 15. Bd2 b4 16. 0-0-0 Bg7 17. Bg5+ f6 18. Bd2 Re8 19. f3 h6 20. Ng3 f5 21. Qxe5 Nxe5 22. Be2 Bd7 23. Rhe1 Bb5 24. Kc2 Kd7 25. Bc1 c4 26. f4 Nd3 27. Bxd3 cxd3+ 28. Kb1 Rxe1 29. Rxe1 Rc8 30. Nf1 Re8 31. Rxe8 Kxe8 32. Be3 Bc4 33. Bc5 Bxd5 34. Ne3 Be4 35. Kc1 Bf8 36. Bxf8 Kxf8 37. Kd2 Ke7 38. g3 g5 39. Nc4 gxf4 40. gxf4 Ke6 41. Ke3 Kd5 42. Nb6+ Kc5 43. Nd7+ Kd6 44. Ne5 Kd5 45. Nxd3 Bxd3 46. Kxd3 Kc5 47. b3 Kd5 48. Ke3 Kc5 1/2-1/2

[Event "Eupen CERA op"]
[Site "Eupen"]
[Date "1997.03.22"]
[Round "2"]
[White "Houweling, Bert AF"]
[Black "Werbeck, Torsten"]
[Result "1-0"]
[WhiteElo "2020"]
[BlackElo "2265"]
[PlyCount "66"]
[EventDate "1997.03.22"]
[EventType "swiss"]
[EventRounds "7"]
[EventCountry "BEL"]
[SourceTitle "EXT 2006"]
[Source "ChessBase"]
[SourceDate "2005.11.24"]
[SourceVersion "1"]
[SourceVersionDate "2005.11.24"]
[SourceQuality "1"]

1. e4 e6 2. d4 d5 3. e5 c5 4. c3 Nc6 5. Nf3 Qb6 6. Bd3 f6 7. 0-0 Bd7 8. dxc5 Bxc5 9. b4 Be7 10. Be3 Qc7 11. exf6 Nxf6 12. b5 Nd8 13. Bd4 0-0 14. Ne5 Be8 15. f4 Bc5 16. Nd2 Nf7 17. Qe2 Nd6 18. g4 Qb6 19. Nb3 Bxd4+ 20. Nxd4 Nfe4 21. Bxe4 Nxe4 22. Qe3 Rd8 23. Rf3 Qd6 24. Raf1 g5 25. fxg5 Rxf3 26. Qxf3 Nd2 27. Qf6 Nxf1 28. Nxe6 Rd7 29. Nxd7 Qxh2+ 30. Kxf1 Qh3+ 31. Ke1 Qe3+ 32. Kd1 Qg1+ 33. Kd2 Qf2+ 1-0